Điện công nghệ

Gespeichert in:
Bibliographische Detailangaben
1. Verfasser:  Nguyễn, Chu Hùng
Format: Sách
Sprache:Undetermined
Veröffentlicht:  Đại học Quốc gia Tp. Hồ Chí Minh  2005
Schlagworte:
Tags: Tag hinzufügen
Keine Tags, Fügen Sie den ersten Tag hinzu!
Thư viện lưu trữ: Trung tâm Thư viện - Trường Đại học Công nghiệp TP. Hồ Chí Minh
LEADER 00524nam a2200157Ia 4500
001 UIH_02996
008 231011s9999 xx 000 0 und d
082 |a  621.31 
100 |a  Nguyễn, Chu Hùng 
245 0 |a  Điện công nghệ 
245 0 |c  Nguyễn, Chu Hùng 
260 |b  Đại học Quốc gia Tp. Hồ Chí Minh 
260 |c  2005 
650 |a  Điện công nghiệp;  
927 |a Sách 
980 |a Trung tâm Thư viện - Trường Đại học Công nghiệp TP. Hồ Chí Minh